Warrior cats Stormclan - Statistics

General Stats
  • This quiz has been taken 11 times
  • The average score is 17 of 46
Answer Stats
Stormclan % Correct
Galestar
83%
Rosebush
83%
Stripestar
83%
Pebblenose
67%
Thrushcall
67%
Kestrelwing
50%
Pebble lunge
50%
Petalstep
50%
Thrush roll
50%
Whitestar
50%
Alderbranch
33%
Berryfall
33%
Crowstar
33%
Curlkit
33%
Fawnpelt
33%
Fernwhisper
33%
Flash
33%
Fog nuzzle
33%
Frecklepelt
33%
Goldenleaf
33%
Grassfoot
33%
Harewhisker
33%
Hazelfrond
33%
Huntheart
33%
Icefoot
33%
Lightningkit
33%
Mudsplash
33%
Palepaw
33%
Peaktail
33%
Pigeonpaw
33%
Rainkit
33%
Roughpelt
33%
Russetkit
33%
Spotnose
33%
Stoneflower
33%
Swiftwing
33%
Tinyclaw
33%
Whitebreeze
33%
Windkit
33%
Harepaw
17%
Nettlesting
17%
Owlpaw
17%
Quailpaw
17%
Songkit
17%
Tumbletail
17%
Wasppaw
17%
No matching quizzes found
Score Distribution
Percent of People with Each Score
Percentile by Number Answered
Your Score History
You have not taken this quiz